Fish, game and poultry /

Bibliographic Details
Main Author: Nietlispach, Frieda
Format: Book
Language:English
German
Published: London : J. Hamilton, [between 1900 and 1999]
Series:Nietlispach, Frieda. International cook books ; no. 4.
Subjects:

MARC

Tag First Indicator Second Indicator Subfields
LEADER 00000cam a2200000 a 4500
001 in00000048972
005 20151007075802.0
008 801202q19001934enkaf 00010 eng d
035 |a (OCoLC)06990796 
035 |9 AAF3806AM 
040 |a COO  |c COO  |d TXA  |d UtOrBLW 
041 1 |a eng  |a ger 
049 |a TXAM  |c [1655459] 
090 |a TX747  |b .N5413 
100 1 |a Nietlispach, Frieda. 
245 1 0 |a Fish, game and poultry /  |c by Madame F. Nietlispach ; translated and adapted by M.F. Daniels. 
264 1 |a London :  |b J. Hamilton,  |c [between 1900 and 1999] 
300 |a 80 pages, 21 unnumbered leaves of plates :  |b color illustrations ;  |c 23 cm. 
336 |a text  |b txt  |2 rdacontent 
337 |a unmediated  |b n  |2 rdamedia 
338 |a volume  |b nc  |2 rdacarrier 
490 1 |a The international cook books / Frieda Nietlispach ;  |v no. 4 
650 0 |a Cooking (Fish) 
650 0 |a Cooking (Game) 
650 0 |a Cooking (Poultry) 
800 1 |a Nietlispach, Frieda.  |t International cook books ;  |v no. 4. 
999 |a MARS 
999 f f |s f9e8e74d-e551-3da6-81c8-4b593e7904ef  |i 5038c472-8c53-3bf1-b77d-4c88eb173a4a  |t 0 
952 f f |p ric  |a Texas A&M University  |b Rellis Campus  |c Joint Library Facility  |d Remote Storage  |t 0  |e TX747 .N5413  |h Library of Congress classification  |i unmediated -- volume  |m A14806260168 
998 f f |a TX747 .N5413  |t 0  |l Remote Storage